000 00506nam a22001697a 4500
999 _c14880
_d14880
008 200130b ||||| |||| 00| 0 eng d
020 _a978-1-260-01980-3
082 _22018
_aDC 510
_bM178
245 _aMcGraw-Hill education: Math/
250 _aSecond edition
260 _aUnited States of America,
_bMcGraw-Hill Education.;
_c©2018.
300 _a1, 177 pages,
_billustrations:
_c28 cm.
521 _aIncludes glossary
650 _aMathematics
_941315
365 _b1,418.00
_cPhp
942 _2ddc
_cDC